<?xml version="1.0" encoding="UTF-8"?>
<record
    xmlns:xsi="http://www.w3.org/2001/XMLSchema-instance"
    xsi:schemaLocation="http://www.loc.gov/MARC21/slim http://www.loc.gov/standards/marcxml/schema/MARC21slim.xsd"
    xmlns="http://www.loc.gov/MARC21/slim">

  <leader>05173nam a2200493 a 4500</leader>
  <controlfield tag="001">dia_7816</controlfield>
  <controlfield tag="003">CHAP</controlfield>
  <controlfield tag="005">20240620171840.0</controlfield>
  <controlfield tag="007">ta</controlfield>
  <controlfield tag="008">220117s2018    mx od  frm    001 0 spa d</controlfield>
  <datafield tag="010" ind1=" " ind2=" ">
    <subfield code="a">179304</subfield>
  </datafield>
  <datafield tag="040" ind1=" " ind2=" ">
    <subfield code="c">CHAP</subfield>
    <subfield code="a">mxchpua</subfield>
    <subfield code="e">rda</subfield>
  </datafield>
  <datafield tag="041" ind1="0" ind2=" ">
    <subfield code="a">spa</subfield>
    <subfield code="b">eng</subfield>
  </datafield>
  <datafield tag="090" ind1=" " ind2=" ">
    <subfield code="a">Tesis </subfield>
    <subfield code="b">B54 </subfield>
    <subfield code="c">2018</subfield>
  </datafield>
  <datafield tag="100" ind1="1" ind2=" ">
    <subfield code="a">Bifano Espinosa, Brenda Meliza</subfield>
  </datafield>
  <datafield tag="245" ind1="1" ind2="0">
    <subfield code="a">Calidad de 57 l&#xED;neas de tomate tipo bola (Solanum Lycopersicum L.) /</subfield>
    <subfield code="c">Brenda Meliza Bifano Espinoza e Ira&#xED;s Garc&#xED;a V&#xE1;zquez</subfield>
  </datafield>
  <datafield tag="264" ind1=" " ind2=" ">
    <subfield code="a">Chapingo, M&#xE9;xico :</subfield>
    <subfield code="b">El autor,</subfield>
    <subfield code="c">2018</subfield>
  </datafield>
  <datafield tag="300" ind1=" " ind2=" ">
    <subfield code="a">x, 29 hojas :</subfield>
    <subfield code="b">gr&#xE1;ficas, tablas, fotos +</subfield>
    <subfield code="e">1 CD-ROM</subfield>
  </datafield>
  <datafield tag="336" ind1=" " ind2=" ">
    <subfield code="2">rdacontent</subfield>
    <subfield code="a">texto</subfield>
    <subfield code="b">txt</subfield>
  </datafield>
  <datafield tag="337" ind1=" " ind2=" ">
    <subfield code="2">rdamedia</subfield>
    <subfield code="a">no mediado</subfield>
    <subfield code="b">n</subfield>
  </datafield>
  <datafield tag="338" ind1=" " ind2=" ">
    <subfield code="2">rdacarrier</subfield>
    <subfield code="a">volumen</subfield>
    <subfield code="b">nc</subfield>
  </datafield>
  <datafield tag="500" ind1=" " ind2=" ">
    <subfield code="a">El CD contiene reporte y art&#xED;culo.</subfield>
  </datafield>
  <datafield tag="502" ind1=" " ind2=" ">
    <subfield code="a">Tesis </subfield>
    <subfield code="b">(Ingeniero Agroindustrial) -- </subfield>
    <subfield code="c">UACh. Departamento de Ingenier&#xED;a Agroindustrial, </subfield>
    <subfield code="d">2018</subfield>
  </datafield>
  <datafield tag="504" ind1=" " ind2=" ">
    <subfield code="a">Bibliograf&#xED;a: hojas 22-29</subfield>
  </datafield>
  <datafield tag="520" ind1="3" ind2=" ">
    <subfield code="a">La mejora constante de la calidad f&#xED;sica y qu&#xED;mica del fruto del tomate obedece principalmente a las exigencias del consumidor y del mercado; de ah&#xED; que el mejoramiento gen&#xE9;tico tiene como prop&#xF3;sito el desarrollo de l&#xED;neas para su empleo en la generaci&#xF3;n de h&#xED;bridos comerciales con frutos de alta calidad f&#xED;sica y qu&#xED;mica, los cuales deben, adicionalmente, satisfacer los requerimientos de los productores y de la industria. El objetivo de la presente investigaci&#xF3;n fue identificar l&#xED;neas experimentales de tomate tipo bola en t&#xE9;rminos de calidad de fruto con potencial para generar h&#xED;bridos con caracter&#xED;sticas de fruto adecuadas para su comercializaci&#xF3;n. Para ello, los frutos de 57 l&#xED;neas establecidas en invernadero fueron evaluados en t&#xE9;rminos de su calidad f&#xED;sica y qu&#xED;mica a trav&#xE9;s de 19 caracter&#xED;sticas. Mediante an&#xE1;lisis multivariados, se determin&#xF3; que los caracteres con mayor capacidad discriminante para generar grupos fueron: &#xE1;cido c&#xED;trico, s&#xF3;lidos solubles (SS) y vitamina C, ligados a la calidad qu&#xED;mica del fruto, y la firmeza, asociada a la calidad f&#xED;sica. Se logr&#xF3; formar cuatro grupos, donde el sobresaliente mostr&#xF3; una mayor calidad qu&#xED;mica (altos contenidos de SS, &#xE1;cido c&#xED;trico y vitamina C), aunque tuvo la menor firmeza; en tanto que los otros grupos mostraron mayor firmeza, pero baja calidad intr&#xED;nseca. Se encontr&#xF3; una asociaci&#xF3;n negativa entre el tama&#xF1;o y firmeza del fruto con respecto a su calidad qu&#xED;mica, comportamiento explicado por los procesos fisiol&#xF3;gicos durante la maduraci&#xF3;n, en donde la perdida de firmeza se asocia al incremento de carbohidratos, y &#xE9;sto, a su vez, se traduce en la s&#xED;ntesis de vitamina C y el incremento de los SS; asimismo, el incremento de la acidez titulable (AT) es atribuida a la respiraci&#xF3;n. Dicha informaci&#xF3;n es &#xFA;til para la elecci&#xF3;n de progenitores en la selecci&#xF3;n de genotipos seg&#xFA;n el mercado de inter&#xE9;s.</subfield>
  </datafield>
  <datafield tag="520" ind1="3" ind2=" ">
    <subfield code="a">The constant improvement of the physical and chemical quality of the fruit of tomato obeys mainly to the exigencies of the consumers and market; Hence, genetic improvement has the purpose of developing lines for use in the generation of commercial hybrids with fruits of high physical and chemical quality, which must, additionally, satisfy the requirements of producers and the industry. The objective of the present investigation was to identify experimental lines of ball tomato in terms of fruit quality with potential to generate hybrids with fruit characteristics suitable for commercialization. For this, the fruits of 57 lines established in the greenhouse were evaluated in terms of their physical and chemical quality through 19 characteristics. Through multivariate analysis, it was determined that the characters with the greatest discriminating capacity to generate groups were: citric acid, soluble solids (SS) and vitamin C, linked to the chemical quality of the fruit, and firmness, associated with physical quality. It was possible to form four groups, where the outstanding group showed a higher chemical quality (high contents of SS, citric acid and vitamin C), although it had the least firmness; whereas the other groups showed greater firmness, but low intrinsic quality. A negative association was found between the size and firmness of the fruit regarding to its chemical quality.</subfield>
  </datafield>
  <datafield tag="650" ind1="1" ind2="3">
    <subfield code="a">Calidad de los alimentos  </subfield>
    <subfield code="2">atg</subfield>
  </datafield>
  <datafield tag="650" ind1="1" ind2="3">
    <subfield code="a">Seguridad alimentaria postcosecha  </subfield>
    <subfield code="2">atg</subfield>
  </datafield>
  <datafield tag="650" ind1="1" ind2="3">
    <subfield code="a">Sistemas postcosecha  </subfield>
    <subfield code="2">atg</subfield>
  </datafield>
  <datafield tag="650" ind1="1" ind2="3">
    <subfield code="a">Solanum Lycopersicum L.</subfield>
    <subfield code="x">Variedades  </subfield>
    <subfield code="2">atg</subfield>
  </datafield>
  <datafield tag="650" ind1="1" ind2="3">
    <subfield code="a">Food quality</subfield>
    <subfield code="2">atg</subfield>
  </datafield>
  <datafield tag="650" ind1="1" ind2="3">
    <subfield code="a">Postharvest food safety  </subfield>
    <subfield code="2">atg</subfield>
  </datafield>
  <datafield tag="650" ind1="1" ind2="3">
    <subfield code="a">Postharvest systems  </subfield>
    <subfield code="2">atg</subfield>
  </datafield>
  <datafield tag="650" ind1="1" ind2="3">
    <subfield code="a">Solanum Lycopersicum L.</subfield>
    <subfield code="x">Varieties  </subfield>
    <subfield code="2">atg</subfield>
  </datafield>
  <datafield tag="700" ind1="1" ind2=" ">
    <subfield code="a">Garc&#xED;a V&#xE1;zquez, Ira&#xED;s</subfield>
    <subfield code="e">autora</subfield>
  </datafield>
  <datafield tag="700" ind1="1" ind2=" ">
    <subfield code="a">Rodr&#xED;guez P&#xE9;rez, Juan Enrique</subfield>
    <subfield code="e">director</subfield>
  </datafield>
  <datafield tag="700" ind1="1" ind2=" ">
    <subfield code="a">Mart&#xED;nez Dami&#xE1;n, Mar&#xED;a Teresa</subfield>
    <subfield code="e">asesora</subfield>
  </datafield>
  <datafield tag="700" ind1="1" ind2=" ">
    <subfield code="a">Mena Nev&#xE1;rez, Gustavo</subfield>
    <subfield code="e">asesor</subfield>
  </datafield>
  <datafield tag="856" ind1="4" ind2="1">
    <subfield code="u">http://10.13.5.2/tesis/sist115206.pdf</subfield>
    <subfield code="y">DESCARGAR PDF</subfield>
  </datafield>
  <datafield tag="901" ind1=" " ind2=" ">
    <subfield code="a">TESIS B54 2018</subfield>
  </datafield>
  <datafield tag="902" ind1=" " ind2=" ">
    <subfield code="a">A</subfield>
  </datafield>
  <datafield tag="905" ind1=" " ind2=" ">
    <subfield code="a">5232272018                          mx nmal8223123322spa16</subfield>
  </datafield>
  <datafield tag="942" ind1=" " ind2=" ">
    <subfield code="c">TESIS</subfield>
    <subfield code="2">Clasificaci&#xF3;n Universidad Aut&#xF3;noma Chapingo</subfield>
  </datafield>
  <datafield tag="999" ind1=" " ind2=" ">
    <subfield code="c">179304</subfield>
    <subfield code="d">179304</subfield>
  </datafield>
  <datafield tag="952" ind1=" " ind2=" ">
    <subfield code="0">0</subfield>
    <subfield code="1">0</subfield>
    <subfield code="2">local</subfield>
    <subfield code="4">0</subfield>
    <subfield code="5">1</subfield>
    <subfield code="7">0</subfield>
    <subfield code="8">TESIS</subfield>
    <subfield code="a">IA_</subfield>
    <subfield code="b">IA_</subfield>
    <subfield code="d">2022-01-18</subfield>
    <subfield code="e">El autor</subfield>
    <subfield code="l">0</subfield>
    <subfield code="o">Tesis B54 2018</subfield>
    <subfield code="p">1101013314</subfield>
    <subfield code="r">2022-01-18 00:00:00</subfield>
    <subfield code="t">Ej. 2</subfield>
    <subfield code="y">CD</subfield>
  </datafield>
  <datafield tag="952" ind1=" " ind2=" ">
    <subfield code="0">0</subfield>
    <subfield code="1">0</subfield>
    <subfield code="2">local</subfield>
    <subfield code="4">0</subfield>
    <subfield code="5">1</subfield>
    <subfield code="7">0</subfield>
    <subfield code="8">TESIS</subfield>
    <subfield code="a">IA_</subfield>
    <subfield code="b">IA_</subfield>
    <subfield code="d">2022-01-18</subfield>
    <subfield code="e">El autor</subfield>
    <subfield code="l">0</subfield>
    <subfield code="o">Tesis B54 2018</subfield>
    <subfield code="p">1101013313</subfield>
    <subfield code="r">2026-02-02 00:00:00</subfield>
    <subfield code="t">Ej. 1</subfield>
    <subfield code="y">TESIS</subfield>
  </datafield>
  <datafield tag="952" ind1=" " ind2=" ">
    <subfield code="0">0</subfield>
    <subfield code="1">0</subfield>
    <subfield code="2">local</subfield>
    <subfield code="4">0</subfield>
    <subfield code="7">0</subfield>
    <subfield code="8">TesDigL</subfield>
    <subfield code="a">IA_</subfield>
    <subfield code="b">IA_</subfield>
    <subfield code="c">E_L</subfield>
    <subfield code="d">2023-02-16</subfield>
    <subfield code="e">El autor</subfield>
    <subfield code="l">0</subfield>
    <subfield code="p">1201013313</subfield>
    <subfield code="r">2023-02-16 00:00:00</subfield>
    <subfield code="w">2023-02-16</subfield>
    <subfield code="y">TD</subfield>
  </datafield>
</record>
